000 00760nam a2200217 a 4500
001 36773
003 BD-RjUL
005 20211209052534.0
008 140901s1961 bg |||e |||| 00| 0 ben d
035 _a(BD-RjUL)36875
040 _aBD-RjUL
_bben
_cBD-RjUL
041 _aben
082 _a891.441
_bMOD 1961
_223
100 _aমনিরুজ্জামান, মোহাম্মদ
_9112177
245 1 0 _aদুর্লভ দিন /
_cমোহাম্মদ মনিরুজ্জামান
260 _aঢাকা :
_bসমকাল প্রকাশনী,
_c১৯৬১।
300 _a৫৫ পৃ.
_c২২ সেমি.
650 _aবাংলা কবিতা
_988209
650 _aBengali Poetry
_964970
942 _2ddc
_cBK
999 _c36773
_d36773